000 01003nam a22003257a 4500
003 CHAP
005 20250912083914.0
008 971013s r 00010 d
010 _a20536
011 _a21508
035 _a25598
040 _cCHAP
090 _aFolleto 2690
100 0 0 _aDoll, Jerry D.
_933734
245 _aSemillas de malezas tropicales
260 _a(s.l.) :
_b(s.e.),
_c(s.a.)
300 _a2 pts.
_b: ilus.
505 _aContenido : Pte. 1 Monocotiledóneas .- Pte. 2 Dicotiledóneas
590 _aBATCH-UPD
_b10
_c20130110
_lUCH01
_h1741
590 _aBATCH-UPD
_b10
_c20130410
_lUCH01
_h1120
590 _aBATCH-UPD
_b10
_c20130914
_lUCH01
_h1204
590 _aCONVERSION
_b10
_c20130109
_lUCH01
_h1312
650 1 4 _aDicotiledóneas.
_932483
650 1 7 _aMalas hierbas
_xSemillas
_2
_970037
650 1 4 _aMalas hierbas
_xTrópicos.
_970042
650 1 4 _aMonocotiledóneas.
_977542
901 _aBK
942 _cFOLL
949 _aFolleto 2690
_bBC
_cFOLL
_d-58973
_eTS1
_i25598
_si
999 _c20536
_d20536